| 000 | 00000nam##2200000za#4500 |
| 001 | 9.571844 |
| 003 | CaOODSP |
| 005 | 20210624182927 |
| 007 | cr ||||||||||| |
| 008 | 150406|2007||||xxc|||||o f|0| 0 eng|d |
| 040 | |aCaOODSP|beng |
| 043 | |an-cn--- |
| 086 | 1 |aNH18-24/10-2007E-PDF |
| 110 | 2 |aCanada Mortgage and Housing Corporation. |
| 245 | 10|aWood heat safety in an emergency |h[electronic resource] |
| 250 | |aRev. 2007 |
| 260 | |bCanada Mortgage and Housing Corporation |cc1998. |
| 300 | |a4p. |
| 490 | 1 |aAbout your house |vCE10 |
| 590 | |a11-23-Supp|b2011-10-17 |
| 690 | 07|aWood|2gcpds |
| 690 | 07|aSafety measures|2gcpds |
| 690 | 07|aHeating|2gcpds |
| 775 | 08|tLe chauffage au bois en toute sécurité lors d'une situation d'urgence |w(CaOODSP)9.602265 |
| 830 | #0|aAbout your house ;|vCE10|w(CaOODSP)9.505388 |
| 856 | 40|ahttp://publications.gc.ca|qPDF|s255 KB|uhttps://publications.gc.ca/collections/collection_2011/schl-cmhc/nh18-24/NH18-24-10-2007-eng.pdf|yCE10 |